000 00595nam a2200181 i 4500
001 126094
003 ES-MaACL
005 20230906192744.0
007 t|
008 070214s1903 fr |||| | fre d
100 1 _aReinach, Théodore.
_996040
245 1 0 _aHistoire des Israélites depuis la ruine de leur indépendance nationale jusqu'áa nos jours /
_cThéodore Reinach.
250 _a3e éd. rev. et corr.
260 _aParis :
_b[s. n.],
_c1903 (
_eCoulommiers :
_fPaul Brodard)
300 _aXX, 415 p. ;
_c18 cm.
651 4 _aIsrael-
_xHistoria.
_98858
852 _aES-MaACL
_jF-10520
999 _c126094
_d126094